000 00429nam a22001097a 4500
008 230621b xxu||||| |||| 00| 0 eng d
082 _a328.365
_bMWE
245 _aReport on the Seminar for the Parliamentary Committees held at Whites Ands Hotel on the 12th and 13th September 2002
260 _aNairobi, Kenya
_bFinance planning and trade Committee of parliament and Institute of Economic Affairs
300 _a72p
942 _2ddc
_cBK
999 _c2116
_d2116